000 00997nam a2200301 i 4500
001 29406
003 BD-RjUL
005 20211209051417.0
008 140403s1979 ru b 001 0 eng
035 _a(BD-RjUL)29491
040 _aDLC
_cDLC
_dDLC
_dBD-RjUL
_beng
041 1 _aengrus
082 0 0 _a700.1
_bBAS 1979
100 1 _aBasin, E. I︠A︡.
_q(Evgeniĭ I︠A︡kovlevich)
_989675
245 1 0 _aSemantic philosophy of art /
_cYevgeny Basin ; [translated from the Russian by Christopher English].
260 _aMoscow :
_bProgress Publishers,
_cc1979.
300 _a248 p. ;
_c21 cm.
500 _aTranslation of Semanticheskai︠a︡ filosofii︠a︡ iskusstva.
504 _aBibliography: p. 232-[243].
504 _aIncludes index.
650 0 _aAesthetics.
_989676
650 0 _aSemantics (Philosophy)
_989677
650 0 _aSymbolism.
_989678
942 _2ddc
_cBK
999 _c29406
_d29406